[Event "Catalunya-chT Gp2"]
[Site "Barcelona"]
[Date "2022.01.29"]
[Round "2.6"]
[White "Bruned Segura, Mario"]
[Black "Minguez Rodriguez, Raul"]
[Result "1/2-1/2"]
[WhiteElo "2084"]
[BlackElo "2198"]
[PlyCount "28"]
[EventDate "2022.01.22"]
[EventType "team-tourn"]
[EventRounds "9"]
[EventCountry "ESP"]
[SourceTitle "CBM 206 Extra"]
[Source "ChessBase"]
[SourceDate "2022.03.31"]
[SourceVersion "1"]
[SourceVersionDate "2022.03.31"]
[SourceQuality "1"]
[WhiteTeam "Lleida"]
[BlackTeam "Colon Ateneu"]
[WhiteTeamCountry "ESP"]
[BlackTeamCountry "ESP"]

1. e4 e5 2. Nf3 Nc6 3. Bb5 a6 4. Ba4 d6 5. Bxc6+ bxc6 6. d4 exd4 7. Qxd4 c5 8. Qd3 Be7 9. 0-0 Nf6 10. c4 0-0 11. Nc3 Re8 12. b3 Bb7 13. Bb2 Qd7 14. Rfe1 Rad8 1/2-1/2

[Event "Catalunya-chT Final A+B"]
[Site "Barcelona"]
[Date "2020.03.07"]
[Round "8.7"]
[White "Fernandez Madrid, Carlos"]
[Black "Minguez Rodriguez, Raul"]
[Result "1/2-1/2"]
[WhiteElo "2128"]
[BlackElo "2188"]
[PlyCount "41"]
[EventDate "2020.03.07"]
[EventType "team-tourn"]
[EventRounds "11"]
[EventCountry "ESP"]
[SourceTitle "EXT 2023"]
[Source "ChessBase"]
[SourceDate "2022.10.05"]
[SourceVersion "1"]
[SourceVersionDate "2022.10.05"]
[SourceQuality "1"]
[WhiteTeam "Badalona Cor de Marina"]
[BlackTeam "Colon Ateneu"]
[WhiteTeamCountry "ESP"]
[BlackTeamCountry "ESP"]

1. Nf3 Nf6 2. c4 c5 3. g3 g6 4. b3 Bg7 5. Bb2 0-0 6. Bg2 Nc6 7. 0-0 a6 8. Nc3 Rb8 9. Nd5 e6 10. Nxf6+ Bxf6 11. d4 b5 12. Rc1 bxc4 13. Rxc4 cxd4 14. Nxd4 Ne5 15. Ra4 d5 16. Qa1 Rb6 17. Nf5 Nd7 18. Nh6+ Kg7 19. Ng4 Bxb2 20. Qxb2+ f6 21. e4 1/2-1/2

[Event "Catalunya-chT Gp2"]
[Site "Barcelona"]
[Date "2020.02.15"]
[Round "5.6"]
[White "Ryan, Joseph"]
[Black "Minguez Rodriguez, Raul"]
[Result "1/2-1/2"]
[WhiteElo "2293"]
[BlackElo "2188"]
[PlyCount "68"]
[EventDate "2020.01.18"]
[EventType "team-tourn"]
[EventRounds "7"]
[EventCountry "ESP"]
[SourceTitle "CBM 195 Extra"]
[Source "ChessBase"]
[SourceDate "2020.05.31"]
[SourceVersion "1"]
[SourceVersionDate "2020.05.31"]
[SourceQuality "1"]
[WhiteTeam "Valls"]
[BlackTeam "Colon Ateneu"]
[WhiteTeamCountry "ESP"]
[BlackTeamCountry "ESP"]

1. e4 e5 2. Nf3 Nc6 3. Bc4 Bc5 4. c3 Nf6 5. d3 d6 6. Nbd2 0-0 7. h3 Be6 8. Bxe6 fxe6 9. b4 Bb6 10. a4 a6 11. Nc4 Ba7 12. 0-0 Qe8 13. Be3 Bxe3 14. Nxe3 Nh5 15. g3 Nf6 16. Kg2 Kh8 17. Ng4 Qh5 18. Nfh2 Rae8 19. b5 Nd8 20. bxa6 bxa6 21. Rb1 Nd7 22. Ne3 Qxd1 23. Rfxd1 Nc5 24. Ra1 Nc6 25. Nf3 Rb8 26. Ra3 Rb7 27. Nc4 h6 28. h4 g6 29. h5 g5 30. Ne3 Kg7 31. Nh2 Rb2 32. Nhg4 Na5 33. Kf1 Nab3 34. Ke1 Na5 1/2-1/2

[Event "Barcelona Sant Marti rapid op 6th"]
[Site "Barcelona"]
[Date "2015.09.19"]
[Round "3.4"]
[White "Villar Reymundo, Juan Antonio"]
[Black "Minguez Rodriguez, Raul"]
[Result "0-1"]
[WhiteElo "2215"]
[BlackElo "2280"]
[PlyCount "120"]
[EventDate "2015.09.19"]
[EventType "swiss (rapid)"]
[EventRounds "9"]
[EventCountry "ESP"]
[SourceTitle "EXT 2024"]
[Source "ChessBase"]
[SourceDate "2023.10.10"]
[SourceVersion "1"]
[SourceVersionDate "2023.10.10"]
[SourceQuality "1"]

1. c4 Nf6 2. Nc3 g6 3. g3 Bg7 4. Bg2 0-0 5. e3 d6 6. Nge2 c5 7. 0-0 Nc6 8. d3 a6 9. a3 Bd7 10. Rb1 Rb8 11. b4 cxb4 12. axb4 b5 13. cxb5 axb5 14. d4 Qb6 15. Qb3 Rfc8 16. Rd1 Nd8 17. Bb2 Rc4 18. Nf4 e6 19. Bf1 Rc7 20. e4 Rbc8 21. h3 Rxc3 22. Bxc3 Nxe4 23. Bb2 d5 24. Bg2 Nd6 25. Nd3 Nc4 26. Nc5 Be8 27. Ra1 Nb7 28. Bc3 h5 29. h4 Kh7 30. Ra2 Rd8 31. Rda1 e5 32. Ra6 Qc7 33. Nxb7 Qxb7 34. dxe5 Nxe5 35. Bxe5 Bxe5 36. Ra7 Qc6 37. Rd1 Qb6 38. Ra2 d4 39. Re2 Bf6 40. Bd5 Kg7 41. Qf3 Qd6 42. Ba2 Qxb4 43. Bd5 Qd6 44. Be4 b4 45. Ra2 b3 46. Qxb3 Qe5 47. Qf3 Bb5 48. Ra7 d3 49. Ra8 Rxa8 50. Bxa8 Qd6 51. Be4 Bd4 52. Kg2 Bc5 53. Bxd3 Bc6 54. Be4 Bxe4 55. Rxd6 Bxf3+ 56. Kxf3 Bxd6 57. g4 hxg4+ 58. Kxg4 Kh6 59. f3 f5+ 60. Kh3 Kh5 0-1

[Event "Foment Martinenc op-A 16th"]
[Site "Barcelona"]
[Date "2014.06.07"]
[Round "7"]
[White "Porta Tovar, Guillem"]
[Black "Minguez Rodriguez, Raul"]
[Result "1/2-1/2"]
[WhiteElo "1976"]
[BlackElo "2223"]
[PlyCount "65"]
[EventDate "2014.04.26"]
[EventType "swiss"]
[EventRounds "9"]
[EventCountry "ESP"]
[SourceTitle "EXT 2015"]
[Source "ChessBase"]
[SourceDate "2014.11.20"]
[SourceVersion "1"]
[SourceVersionDate "2014.11.20"]
[SourceQuality "1"]

1. e4 e5 2. Nf3 Nc6 3. Bc4 Bc5 4. d3 Nf6 5. Nc3 d6 6. h3 Be6 7. Bb3 h6 8. Be3 Bb4 9. 0-0 Bxc3 10. bxc3 0-0 11. c4 Nh7 12. Nd2 Qh4 13. c5 Ng5 14. Rb1 b6 15. cxd6 cxd6 16. Nc4 Rad8 17. Bxg5 Qxg5 18. Qd2 Qxd2 19. Nxd2 Nd4 20. Rfe1 Bxb3 21. cxb3 Rc8 22. Nc4 Rc6 23. Kf1 Rfc8 24. Red1 Kf8 25. Ke1 Ke7 26. Kd2 g6 27. Rdc1 f5 28. Ne3 f4 29. Nd5+ Ke6 30. Rxc6 Rxc6 31. Rc1 Rxc1 32. Kxc1 g5 33. f3 1/2-1/2

[Event "Barcelona Primavera La Lira op 7th"]
[Site "Barcelona"]
[Date "2014.06.05"]
[Round "7"]
[White "Ramon Serrano, Francisco Javier"]
[Black "Minguez Rodriguez, Raul"]
[Result "1/2-1/2"]
[WhiteElo "2022"]
[BlackElo "2223"]
[PlyCount "34"]
[EventDate "2014.04.03"]
[EventType "swiss"]
[EventRounds "9"]
[EventCountry "ESP"]
[SourceTitle "EXT 2015"]
[Source "ChessBase"]
[SourceDate "2014.11.20"]
[SourceVersion "1"]
[SourceVersionDate "2014.11.20"]
[SourceQuality "1"]

1. d4 Nf6 2. Nf3 g6 3. g3 Bg7 4. Bg2 0-0 5. 0-0 d6 6. Nbd2 Nbd7 7. e4 e5 8. c3 Re8 9. Re1 b6 10. dxe5 Nxe5 11. Nxe5 dxe5 12. Nc4 Qxd1 13. Rxd1 Ba6 14. Na3 h6 15. Be3 Rad8 16. f3 Bf8 17. Nc2 Kg7 1/2-1/2

[Event "Barcelona Primavera La Lira op 7th"]
[Site "Barcelona"]
[Date "2014.05.22"]
[Round "5"]
[White "Minguez Rodriguez, Raul"]
[Black "Martorell Aguado, Joan"]
[Result "0-1"]
[WhiteElo "2223"]
[BlackElo "2110"]
[PlyCount "92"]
[EventDate "2014.04.03"]
[EventType "swiss"]
[EventRounds "9"]
[EventCountry "ESP"]
[SourceTitle "EXT 2015"]
[Source "ChessBase"]
[SourceDate "2014.11.20"]
[SourceVersion "1"]
[SourceVersionDate "2014.11.20"]
[SourceQuality "1"]

1. e4 e6 2. d4 d5 3. Nc3 Bb4 4. e5 b6 5. a3 Bf8 6. Nf3 Nc6 7. Bd3 Qd7 8. 0-0 Bb7 9. Qe2 Nge7 10. Re1 h6 11. Be3 0-0-0 12. b4 g5 13. Bb5 Nf5 14. Reb1 g4 15. Nd2 a6 16. Bxa6 Ncxd4 17. Bxd4 Nxd4 18. Bxb7+ Kxb7 19. Qxg4 Nc6 20. Nf3 h5 21. Qh4 Be7 22. Qf4 Rdf8 23. Na4 f6 24. Nc5+ bxc5 25. bxc5+ Kc8 26. Qa4 Qe8 27. Rb5 Kd7 28. Nd4 Qa8 29. Ra5 Qb7 30. Ra6 Qxa6 31. Qxa6 Nxd4 32. Qa4+ Nc6 33. c4 d4 34. Re1 fxe5 35. Rxe5 Ra8 36. Qd1 Rxa3 37. Re1 Bxc5 38. Qe2 Rh6 39. Qe4 Rf6 40. Qh7+ Kd6 41. Qxh5 d3 42. Rd1 Rxf2 43. Kh1 Ne5 44. Qh8 d2 45. Qd8+ Nd7 46. Qg5 Re3 0-1

[Event "Foment Martinenc op-A 16th"]
[Site "Barcelona"]
[Date "2014.04.26"]
[Round "1"]
[White "Cabot Muntane, Jordi"]
[Black "Minguez Rodriguez, Raul"]
[Result "1/2-1/2"]
[WhiteElo "1938"]
[BlackElo "2223"]
[PlyCount "36"]
[EventDate "2014.04.26"]
[EventType "swiss"]
[EventRounds "9"]
[EventCountry "ESP"]
[SourceTitle "EXT 2015"]
[Source "ChessBase"]
[SourceDate "2014.11.20"]
[SourceVersion "1"]
[SourceVersionDate "2014.11.20"]
[SourceQuality "1"]

1. e4 e5 2. Nf3 Nc6 3. Bc4 Bc5 4. b4 Bxb4 5. c3 Be7 6. d4 Na5 7. Bd3 exd4 8. cxd4 d5 9. e5 Nc6 10. 0-0 Nh6 11. Bxh6 gxh6 12. h3 Rg8 13. Kh2 Be6 14. Nc3 Qd7 15. Rb1 Rb8 16. Bxh7 Rg7 17. Bc2 Kf8 18. Ne2 f6 1/2-1/2

[Event "Barcelona Sant Marti op-A 14th"]
[Site "Barcelona"]
[Date "2012.07.15"]
[Round "3"]
[White "Minguez Rodriguez, Raul"]
[Black "Panelo Munoz, Marcelo A"]
[Result "0-1"]
[WhiteElo "2237"]
[BlackElo "2452"]
[PlyCount "52"]
[EventDate "2012.07.13"]
[EventType "swiss"]
[EventRounds "9"]
[EventCountry "ESP"]
[SourceTitle "CBM 149 Extra"]
[Source "ChessBase"]
[SourceDate "2012.08.24"]
[SourceVersion "1"]
[SourceVersionDate "2012.08.24"]
[SourceQuality "1"]

1. e4 c5 2. Nf3 d6 3. d4 cxd4 4. Nxd4 Nf6 5. Nc3 a6 6. Bg5 e6 7. f4 h6 8. Bh4 Nbd7 9. Qf3 e5 10. Bxf6 Nxf6 11. Nf5 Bxf5 12. exf5 Be7 13. 0-0-0 exf4 14. Kb1 Rc8 15. Qxf4 Rxc3 16. bxc3 d5 17. Qa4+ b5 18. Qxa6 0-0 19. Bxb5 Ne4 20. Rd3 Bf6 21. Re1 Nxc3+ 22. Rxc3 Bxc3 23. Re2 Qh4 24. Qd6 Rc8 25. Qxd5 Qb4+ 26. Qb3 Qd4 0-1

[Event "Barcelona Sant Marti op-A 14th"]
[Site "Barcelona"]
[Date "2012.07.13"]
[Round "1"]
[White "Minguez Rodriguez, Raul"]
[Black "Barsov, Alexei"]
[Result "0-1"]
[WhiteElo "2237"]
[BlackElo "2539"]
[PlyCount "56"]
[EventDate "2012.07.13"]
[EventType "swiss"]
[EventRounds "9"]
[EventCountry "ESP"]
[SourceTitle "CBM 149 Extra"]
[Source "ChessBase"]
[SourceDate "2012.08.24"]
[SourceVersion "1"]
[SourceVersionDate "2012.08.24"]
[SourceQuality "1"]

1. e4 e6 2. d4 d5 3. Nc3 Bb4 4. e5 Ne7 5. Bd2 b6 6. f4 c5 7. Nb5 Bxd2+ 8. Qxd2 0-0 9. Nf3 Ba6 10. c3 Nbc6 11. Nd6 Bxf1 12. Rxf1 f6 13. 0-0-0 Rb8 14. Qe3 c4 15. g4 b5 16. f5 b4 17. exf6 Rxf6 18. g5 Qxd6 19. gxf6 Nxf5 20. Qg5 bxc3 21. Nh4 Qxh2 22. Ng2 Rxb2 23. Rxf5 Rxg2 24. Rf2 Rxg5 25. f7+ Kf8 26. Rxh2 Kxf7 27. Rxh7 Rg2 28. a3 Na5 0-1

[Event "Catalunya-chT"]
[Site "Barcelona"]
[Date "2011.03.19"]
[Round "8.3"]
[White "Minguez Rodriguez, Raul"]
[Black "Grafl, Florian"]
[Result "1/2-1/2"]
[WhiteElo "2223"]
[BlackElo "2398"]
[PlyCount "46"]
[EventDate "2011.01.29"]
[EventType "team-tourn"]
[EventRounds "11"]
[EventCountry "ESP"]
[SourceTitle "EXT 2012"]
[Source "ChessBase"]
[SourceDate "2011.11.24"]
[SourceVersion "1"]
[SourceVersionDate "2011.11.24"]
[SourceQuality "1"]
[WhiteTeam "Ateneu Colon"]
[BlackTeam "Barbera"]
[WhiteTeamCountry "ESP"]
[BlackTeamCountry "ESP"]

1. e4 d5 2. exd5 Qxd5 3. Nc3 Qd6 4. d4 Nf6 5. Nf3 a6 6. g3 Bg4 7. Bg2 e6 8. 0-0 Nbd7 9. h3 Bh5 10. Bf4 Qb6 11. d5 0-0-0 12. dxe6 Nc5 13. Qc1 Nxe6 14. Be3 Bc5 15. Na4 Qc6 16. Nxc5 Bxf3 17. Bxf3 Qxf3 18. Nxe6 fxe6 19. Bg5 Ne4 20. Bxd8 Nxg3 21. fxg3 Qxg3+ 22. Kh1 Qxh3+ 23. Kg1 Qg3+ 1/2-1/2

[Event "Catalunya-chT Honor"]
[Site "Catalunya"]
[Date "2009.03.15"]
[Round "7"]
[White "Escandell Mari, Juan Carlos"]
[Black "Minguez Rodriguez, Raul"]
[Result "1/2-1/2"]
[WhiteElo "2290"]
[BlackElo "2219"]
[PlyCount "38"]
[EventDate "2009.02.01"]
[EventType "team-tourn"]
[EventRounds "9"]
[EventCountry "ESP"]
[SourceTitle "EXT 2019"]
[Source "ChessBase"]
[SourceDate "2018.10.10"]
[SourceVersion "1"]
[SourceVersionDate "2018.10.10"]
[SourceQuality "1"]
[WhiteTeam "Cerdanyola Valles"]
[BlackTeam "Sant Adria"]
[WhiteTeamCountry "ESP"]
[BlackTeamCountry "ESP"]

1. e4 e5 2. Nf3 Nc6 3. Bb5 a6 4. Ba4 Nf6 5. 0-0 b5 6. Bb3 Be7 7. Re1 0-0 8. d4 d6 9. c3 Bg4 10. d5 Na5 11. Bc2 c6 12. h3 Bh5 13. dxc6 Nxc6 14. Bg5 Qc7 15. Nbd2 Rad8 16. Bb3 Nd7 17. Be3 Nf6 18. Bg5 Nd7 19. Be3 Nf6 1/2-1/2

[Event "Catalunya-chT Honor"]
[Site "Catalunya"]
[Date "2009.02.01"]
[Round "1"]
[White "Minguez Rodriguez, Raul"]
[Black "Hernando Rodrigo, Jose Maria"]
[Result "0-1"]
[WhiteElo "2219"]
[BlackElo "2364"]
[PlyCount "74"]
[EventDate "2009.02.01"]
[EventType "team-tourn"]
[EventRounds "9"]
[EventCountry "ESP"]
[SourceTitle "EXT 2019"]
[Source "ChessBase"]
[SourceDate "2018.10.10"]
[SourceVersion "1"]
[SourceVersionDate "2018.10.10"]
[SourceQuality "1"]
[WhiteTeam "Sant Adria"]
[BlackTeam "Montcada"]
[WhiteTeamCountry "ESP"]
[BlackTeamCountry "ESP"]

1. e4 d5 2. exd5 Qxd5 3. Nc3 Qa5 4. d4 Nf6 5. Nf3 Bg4 6. Bd2 e6 7. h3 Bh5 8. g4 Bg6 9. Bc4 Bb4 10. a3 Bxc3 11. Bxc3 Qb6 12. Qe2 c6 13. 0-0-0 Nbd7 14. Ne5 Nd5 15. Bxd5 cxd5 16. h4 Nxe5 17. dxe5 h5 18. Rd4 Rc8 19. Rg1 Qd8 20. gxh5 Rxh5 21. Rgg4 Rc6 22. Qb5 Qc7 23. Rb4 b6 24. Ra4 a5 25. Raf4 Ke7 26. Rg3 Rxe5 27. Rxg6 fxg6 28. Qxc6 Re1+ 29. Bxe1 Qxc6 30. Bc3 Qd6 31. Rg4 e5 32. Rg5 d4 33. Bd2 Qd5 34. Kd1 Kf6 35. Rg3 Qh1+ 36. Ke2 Qe4+ 37. Kd1 Qxh4 0-1

[Event "Catalunya-chT Honor"]
[Site "Catalunya"]
[Date "2008.03.02"]
[Round "6"]
[White "Esquivel Golcher, Luis Enrique"]
[Black "Minguez Rodriguez, Raul"]
[Result "0-1"]
[WhiteElo "2175"]
[BlackElo "2189"]
[PlyCount "62"]
[EventDate "2008.01.27"]
[EventType "team-tourn"]
[EventRounds "9"]
[EventCountry "ESP"]
[SourceTitle "EXT 2019"]
[Source "ChessBase"]
[SourceDate "2018.10.10"]
[SourceVersion "1"]
[SourceVersionDate "2018.10.10"]
[SourceQuality "1"]

1. e4 e5 2. Nf3 Nc6 3. Bc4 Bc5 4. b4 Bxb4 5. c3 Be7 6. d4 Na5 7. Nxe5 Nxc4 8. Nxc4 d5 9. exd5 Qxd5 10. Ne3 Qa5 11. 0-0 c6 12. Re1 Be6 13. Bd2 Nf6 14. c4 Qd8 15. Bc3 0-0 16. Nd2 Re8 17. Qf3 b5 18. Re2 bxc4 19. Rae1 Nd5 20. Nxd5 cxd5 21. Nf1 Qd7 22. h3 Rab8 23. Ng3 g6 24. Bd2 Rb2 25. Bh6 Rxe2 26. Rxe2 Qb5 27. Qf4 Qb8 28. Re5 c3 29. Nh5 Qb1+ 30. Kh2 gxh5 31. Bg5 Bd6 0-1